[Event "SVK-ch U14"]
[Site "Stara Lubovna"]
[Date "2014.04.12"]
[Round "9"]
[White "Marcinko, Karol"]
[Black "Ganz, Tomas"]
[Result "0-1"]
[WhiteElo "1000"]
[BlackElo "1137"]
[PlyCount "86"]
[EventDate "2014.04.05"]
[EventType "swiss"]
[EventRounds "9"]
[EventCountry "SVK"]
[SourceTitle "EXT 2016"]
[Source "ChessBase"]
[SourceDate "2015.10.08"]
[SourceVersion "1"]
[SourceVersionDate "2015.10.08"]
[SourceQuality "1"]

1. d4 d5 2. Nc3 Nf6 3. Nf3 Nc6 4. Ne5 e6 5. g4 Nxe5 6. g5 Nc6 7. gxf6 Qxf6 8. Be3 e5 9. Nxd5 Qd6 10. Bg2 Be6 11. c4 Nxd4 12. Bxd4 exd4 13. Qxd4 c6 14. Rd1 cxd5 15. cxd5 Qb4+ 16. Kf1 Qxd4 17. Rxd4 Bd7 18. Re4+ Kd8 19. Rc4 Rc8 20. Rxc8+ Kxc8 21. e4 Bd6 22. Ke2 f5 23. Rc1+ Kd8 24. f3 Bxh2 25. Bh3 Re8 26. Ke3 fxe4 27. fxe4 Bxh3 28. Rh1 Bg2 29. Rxh2 Bxe4 30. Kd4 Kd7 31. Re2 Bxd5 32. Rxe8 Kxe8 33. Kxd5 Kd7 34. b4 h5 35. a4 h4 36. Ke4 h3 37. Kf3 h2 38. Kg2 Kd6 39. Kxh2 Kd5 40. a5 Kc4 41. Kg3 Kxb4 42. Kg4 Kxa5 43. Kg5 b5 0-1

[Event "SVK-ch U14"]
[Site "Stara Lubovna"]
[Date "2014.04.10"]
[Round "7"]
[White "Hadzala, Juraj"]
[Black "Marcinko, Karol"]
[Result "1-0"]
[WhiteElo "1176"]
[BlackElo "1000"]
[PlyCount "47"]
[EventDate "2014.04.05"]
[EventType "swiss"]
[EventRounds "9"]
[EventCountry "SVK"]
[SourceTitle "EXT 2016"]
[Source "ChessBase"]
[SourceDate "2015.10.08"]
[SourceVersion "1"]
[SourceVersionDate "2015.10.08"]
[SourceQuality "1"]

1. e4 d6 2. Nf3 Nf6 3. Nc3 g6 4. d3 Bg7 5. Be2 0-0 6. 0-0 Nbd7 7. Be3 Ng4 8. h3 Nxe3 9. fxe3 Ne5 10. d4 Nxf3+ 11. Rxf3 e5 12. Bc4 exd4 13. exd4 c6 14. Qf1 Be6 15. Bxe6 fxe6 16. Rxf8+ Bxf8 17. Qf2 Rc8 18. d5 cxd5 19. exd5 Bg7 20. dxe6 Bxc3 21. bxc3 Rxc3 22. Qf7+ Kh8 23. e7 Qg8 24. Qf6+ 1-0

[Event "SVK-ch U14"]
[Site "Stara Lubovna"]
[Date "2014.04.08"]
[Round "5"]
[White "Marcinko, Karol"]
[Black "Sutor, Mario"]
[Result "1-0"]
[WhiteElo "1000"]
[BlackElo "1000"]
[PlyCount "53"]
[EventDate "2014.04.05"]
[EventType "swiss"]
[EventRounds "9"]
[EventCountry "SVK"]
[SourceTitle "EXT 2016"]
[Source "ChessBase"]
[SourceDate "2015.10.08"]
[SourceVersion "1"]
[SourceVersionDate "2015.10.08"]
[SourceQuality "1"]

1. f4 d5 2. Nf3 Nf6 3. e3 Nc6 4. d4 Bg4 5. Nbd2 e6 6. Bd3 Bb4 7. c3 Ba5 8. 0-0 h6 9. b4 Bb6 10. a4 a5 11. h3 Bh5 12. Nb3 axb4 13. cxb4 Nxb4 14. Ba3 Nxd3 15. Qxd3 Rxa4 16. Qb5+ Qd7 17. Qxd7+ Kxd7 18. Ne5+ Kd8 19. g4 Bg6 20. f5 exf5 21. gxf5 Bh5 22. Bc5 Rxa1 23. Rxa1 Bxc5 24. Ra8+ Ke7 25. Rxh8 Bd6 26. Na5 b6 27. Nac6# 1-0

[Event "SVK-ch U14"]
[Site "Stara Lubovna"]
[Date "2014.04.07"]
[Round "4"]
[White "Haratim, Matej"]
[Black "Marcinko, Karol"]
[Result "1-0"]
[WhiteElo "1155"]
[BlackElo "1000"]
[PlyCount "73"]
[EventDate "2014.04.05"]
[EventType "swiss"]
[EventRounds "9"]
[EventCountry "SVK"]
[SourceTitle "EXT 2016"]
[Source "ChessBase"]
[SourceDate "2015.10.08"]
[SourceVersion "1"]
[SourceVersionDate "2015.10.08"]
[SourceQuality "1"]

1. e4 Nc6 2. Nf3 g6 3. Bc4 Nf6 4. e5 Ne4 5. Bd5 Nc5 6. Ng5 Nxe5 7. d4 e6 8. dxe5 exd5 9. Qf3 Qe7 10. Qxd5 c6 11. Qc4 Bh6 12. Nc3 Bxg5 13. Bxg5 Qxg5 14. Qxc5 b6 15. Qd6 Qxg2 16. 0-0-0 Qg4 17. Rhg1 Qe6 18. Qd4 c5 19. Qe4 Qc6 20. Qf4 b5 21. Rd6 Qb7 22. Nd5 a5 23. e6 dxe6 24. Nf6+ Ke7 25. Qe5 Ra6 26. Rgd1 Rxd6 27. Rxd6 Rd8 28. Rxd8 Kxd8 29. Qd6+ Qd7 30. Nxd7 Bxd7 31. Qf8+ Kc7 32. Qxc5+ Bc6 33. Qa7+ Bb7 34. Qxa5+ Kc6 35. Qc3+ Kb6 36. Qd4+ Ka6 37. Qf6 1-0